| 000 | 00662cam a22002293a 4500 | ||
|---|---|---|---|
| 001 | 18497 | ||
| 003 | PGUSA | ||
| 005 | 20140828083408.0 | ||
| 008 | 060604s2006||||xxu|||||s|||||000 | eng d | ||
| 040 |
_aPGUSA _beng |
||
| 042 | _adc | ||
| 050 | 4 | _aD501 | |
| 100 | 1 |
_aPalmer, Frederick, _d1873-1958 |
|
| 245 | 1 | 0 |
_aMy Second Year of the War _h[electronic resource] / _cFrederick Palmer |
| 260 |
_bProject Gutenberg, _c2006 |
||
| 506 | _aPublic domain in the USA. | ||
| 516 | _aElectronic text | ||
| 653 | _aWorld War, 1914-1918 -- Personal narratives | ||
| 830 | 0 |
_aProject Gutenberg _v18497 |
|
| 856 | 4 | 0 | _uhttp://www.gutenberg.org/ebooks/18497 |
| 942 | _cEB | ||
| 999 |
_c247752 _d247752 |
||